000 00496nam a2200181Ia 4500
008 151018s9999 xx 000 0 und d
082 _bRBASDV42974
_a824
100 _aKaushik Bhattacharya
245 _aScience Journalism In India
250 _b1
260 _bCalcutta Journalism club
_c2005
300 _a58
600 _aKaushik Bhattacharya
630 _aScience Journalism In India
700 _aKaushik Bhattacharya
730 _aScience Journalism In India
942 _cBOOK
999 _c1042194
_d1042191